
Library Catalogue

| 000 -LEADER | |
|---|---|
| fixed length control field | 01943nam a2200217Ia 4500 |
| 003 - CONTROL NUMBER IDENTIFIER | |
| control field | OSt |
| 005 - DATE AND TIME OF LATEST TRANSACTION | |
| control field | 20210914144830.0 |
| 008 - FIXED-LENGTH DATA ELEMENTS--GENERAL INFORMATION | |
| fixed length control field | 160316s2004 xxu||||| |||| 00| 0 eng d |
| 040 ## - CATALOGING SOURCE | |
| Transcribing agency | . |
| 082 ## - DEWEY DECIMAL CLASSIFICATION NUMBER | |
| Classification number | 338.9 KAP |
| Item number | KAP |
| 100 ## - MAIN ENTRY--PERSONAL NAME | |
| Personal name | Kapila Raj |
| 245 ## - TITLE STATEMENT | |
| Title | Economic developments in India |
| 260 ## - PUBLICATION, DISTRIBUTION, ETC. | |
| Place of publication, distribution, etc. | New Delhi |
| Name of publisher, distributor, etc. | Academic Foundation |
| Date of publication, distribution, etc. | 2004 |
| 300 ## - PHYSICAL DESCRIPTION | |
| Extent | 319p |
| 365 ## - TRADE PRICE | |
| Price amount | Rs.500 |
| 505 ## - FORMATTED CONTENTS NOTE | |
| Formatted contents note | <br/>CONTENTS;<br/>Contents of the Accompanying CD ;<br/>Information on "Using the CD" ;<br/>Acknowledgements . ;<br/>Authors / Contributors to this volume ;<br/>ANALYTICAL ARTICLES;<br/>1. The Outlook for Indian Economy: An Update<br/>Y. v. Reddy <br/>2. Building Competitive Organisations: A Global Perspective<br/>K. C. Pant. ;<br/>3. Globalisation: The Role of Institution Building in the Financial Sector: The Indian Case<br/>Rakesh Mohan ;<br/>4. Why did India Reform?; Shankar Acharya <br/>5. Short-term Forecast of Corporate Investment Since 1970's: Three Decades in Retrospect<br/>R. Satyanarayana & S.V. Savalkar ; <br/> REPORTS, DISCUSSION PAPERS, POLICY DOCUMENTS;<br/>6. Conduct of Macroeconomic Policy in an Open Economy;<br/>7. Quick Estimates of National Income,<br/>Consumption Expenditure, Saving and Capital Formation, 2002-03 <br/>8. Index of Industrial Production for the Month of December, 2003 (released February 12, 2004) <br/>9. Consultation Paper on Accelerating Growth of Internet and Broadband Penetration<br/>(November 28, 2003) <br/>10. Sources of Accretion to Foreign Exchange Reserves in India <br/> 11. Monthly Seasonal Factors of Selected Economic Time Series <br/>12. India's Overall Balance of Payments in Rupees <br/>13. Monthly Economic Scenario (December, 2003);<br/>14. State Profile: Himachal Pradesh & Mizoram <br/><br/> |
| 650 ## - SUBJECT ADDED ENTRY--TOPICAL TERM | |
| Topical term or geographic name entry element | 1.Economics - Development - India 2.Development - Economy - India |
| 700 ## - ADDED ENTRY--PERSONAL NAME | |
| Personal name | Kapila Uma |
| -- | |
| 856 ## - ELECTRONIC LOCATION AND ACCESS | |
| Uniform Resource Identifier | <a href="https://www.google.co.in/books/edition/Economic_Developments_In_India_Monthly_U/PmoGyeb0NRIC?hl=en&gbpv=1&printsec=frontcover">https://www.google.co.in/books/edition/Economic_Developments_In_India_Monthly_U/PmoGyeb0NRIC?hl=en&gbpv=1&printsec=frontcover</a> |
| 942 ## - ADDED ENTRY ELEMENTS (KOHA) | |
| Source of classification or shelving scheme | Dewey Decimal Classification |
| Koha item type | BOOKs |
| Withdrawn status | Lost status | Source of classification or shelving scheme | Damaged status | Not for loan | Home library | Current library | Shelving location | Date acquired | Cost, normal purchase price | Total Checkouts | Full call number | Barcode | Date last seen | Price effective from | Koha item type | Public note |
|---|---|---|---|---|---|---|---|---|---|---|---|---|---|---|---|---|
| Dewey Decimal Classification | NLS | NLS | NAB Compactor | 30/05/2017 | 500.00 | 338.9 KAP | 19624 | 30/05/2017 | 30/05/2017 | BOOKs | This book is accompanied by a CD |